Drużyna TOTY w FIFA 21 - Statystyki

Ogólne statystyki
  • Ten quiz został rozwiązany 331 razy
  • Średni wynik to 9 z 12
Statystyki odpowiedzi
Pozycja Odpowiedź % Poprawnych
PS Messi
98%
N Ronaldo
97%
N Lewandowski
89%
N Mbappe
88%
BR Neuer
79%
ŚO van Dijk
78%
ŚPO De Bruyne
75%
ŚO Ramos
70%
LO Davies
60%
ŚPD Kimmich
58%
PO Alexander-Arnold
42%
ŚPO Fernandes
41%
Nie znaleziono quizów pasujących do podanych kryteriów
Rozkład punktacji
Procent ludzi z każdym wynikiem
Percentyl według liczby udzielonych odpowiedzi
Twoja historia wyników
Nie rozwiązałeś tego quizu